| 000 | 00493nam a22001697a 4500 | ||
|---|---|---|---|
| 003 | OSt | ||
| 008 | 260508b |||||||| |||| 00| 0 eng d | ||
| 082 |
_a633.492 _bS66E |
||
| 100 | _aSrivastava, Ramesh Chandra | ||
| 245 | _aEffect of N Levels and Growth-Regulations on Growth, Yield Attributes and Yiled of Sweet-Potato (Ipomoea Batatas Lam.) | ||
| 260 |
_aPusa, Samastipur _bRAU _c1987 |
||
| 300 | _a89P. | ||
| 502 |
_bMsc. _d1987 |
||
| 650 | _aAgronomy | ||
| 650 | _aMsc. | ||
| 942 |
_2ddc _cT |
||
| 999 |
_c50518 _d50518 |
||